| 000 -LEADER |
| fixed length control field |
01142cam a2200325 a 4500 |
| 001 - CONTROL NUMBER |
| control field |
(Sirsi) a779500 |
| 003 - CONTROL NUMBER IDENTIFIER |
| control field |
OSt |
| 005 - DATE AND TIME OF LATEST TRANSACTION |
| control field |
20230116111023.0 |
| 008 - FIXED-LENGTH DATA ELEMENTS--GENERAL INFORMATION |
| fixed length control field |
130627s2012 nyua b 000 1 eng d |
| 020 ## - INTERNATIONAL STANDARD BOOK NUMBER |
| International Standard Book Number |
9781402786334 (hard) : |
| 040 ## - CATALOGING SOURCE |
| Original cataloging agency |
DLC |
| Language of cataloging |
eng |
| Transcribing agency |
DLC |
| Modifying agency |
TAE |
| -- |
KH8 |
| 041 1# - LANGUAGE CODE |
| Language code of text/sound track or separate title |
eng |
| Language code of original |
fre |
| 042 ## - AUTHENTICATION CODE |
| Authentication code |
nbic |
| 082 0# - DEWEY DECIMAL CLASSIFICATION NUMBER |
| Classification number |
843.92 PER |
| 100 1# - MAIN ENTRY--PERSONAL NAME |
| Personal name |
Perret, Delphine. |
| Relator term |
author |
| 240 10 - UNIFORM TITLE |
| Uniform title |
Moi le loup et les vacances avec Pepe. |
| Language of a work |
English. |
| 245 14 - TITLE STATEMENT |
| Title |
The Big Bad Wolf goes on vacation / |
| Statement of responsibility, etc. |
Delphine Perret. |
| 260 ## - PUBLICATION, DISTRIBUTION, ETC. |
| Place of publication, distribution, etc. |
New York : |
| Name of publisher, distributor, etc. |
Sterling, |
| Date of publication, distribution, etc. |
c2012. |
| 300 ## - PHYSICAL DESCRIPTION |
| Extent |
[66] p. : |
| Other physical details |
col. ill. ; |
| Dimensions |
17 x 22 cm. |
| 500 ## - GENERAL NOTE |
| General note |
Translated of: Moi le loup et les vacances avec Pepe. |
| 520 ## - SUMMARY, ETC. |
| Summary, etc. |
When Bernard, the Big Bad Wolf, joins Louis and his grandfather on their annual trip to the beach, getting there is half the fun. |
| 521 1# - TARGET AUDIENCE NOTE |
| Target audience note |
4-8. |
| 546 ## - LANGUAGE NOTE |
| Language note |
Translated from the French. |
| 650 #0 - SUBJECT ADDED ENTRY--TOPICAL TERM |
| Topical term or geographic name entry element |
Wolves |
| Form subdivision |
Juvenile fiction. |
| 650 #0 - SUBJECT ADDED ENTRY--TOPICAL TERM |
| Topical term or geographic name entry element |
Vacations |
| Form subdivision |
Juvenile fiction. |
| 650 #0 - SUBJECT ADDED ENTRY--TOPICAL TERM |
| Topical term or geographic name entry element |
Grandfathers |
| Form subdivision |
Juvenile fiction. |
| 650 #0 - SUBJECT ADDED ENTRY--TOPICAL TERM |
| Topical term or geographic name entry element |
Characters in literature |
| Form subdivision |
Juvenile fiction. |
| 650 #1 - SUBJECT ADDED ENTRY--TOPICAL TERM |
| Topical term or geographic name entry element |
Humorous stories. |
| 942 ## - ADDED ENTRY ELEMENTS (KOHA) |
| Source of classification or shelving scheme |
|
| Koha item type |
Books - Non Ficton |